000 00568cam a22002053a 4500
001 44255
003 PGUSA
005 20140828084018.0
008 131121s2013||||xxu|||||s|||||000 | eng d
040 _aPGUSA
_beng
042 _adc
100 1 _aRenard, Jules,
_d1864-1910
245 1 0 _aHistoires naturelles
_h[electronic resource] /
_cJules Renard
260 _bProject Gutenberg,
_c2013
506 _aPublic domain in the USA.
516 _aElectronic text
830 0 _aProject Gutenberg
_v44255
856 4 0 _uhttp://www.gutenberg.org/ebooks/44255
942 _cEB
999 _c273506
_d273506